Sports Quiz

Random Sports or NBA Quiz

Every NBA MVP Quiz Stats

 Plays Quiz not verified by Sporcle

Challenge
Share
Tweet
Embed
Score 0/56 Timer 16:00
0 Plays Today
% Correct
Lebron James
95.4%
Lebron James
95.4%
Michael Jordan
92.5%
Michael Jordan
92.5%
Michael Jordan
92.5%
Michael Jordan
92.5%
Michael Jordan
92.5%
Kobe Bryant
89.6%
Larry Bird
89.3%
Larry Bird
89.3%
Larry Bird
89.3%
Magic Johnson
89.3%
Magic Johnson
89.3%
Magic Johnson
89.3%
Wilt Chamberlain
86.8%
Wilt Chamberlain
86.8%
Wilt Chamberlain
86.8%
Wilt Chamberlain
86.8%
Steve Nash
86.4%
Steve Nash
86.4%
Bill Russell
85.7%
Bill Russell
85.7%
Bill Russell
85.7%
Bill Russell
85.7%
Bill Russell
85.7%
Kareem Abdul-Jabbar
85.7%
Kareem Abdul-Jabbar
85.7%
Kareem Abdul-Jabbar
85.7%
% Correct
Kareem Abdul-Jabbar
85.7%
Kareem Abdul-Jabbar
85.7%
Tim Duncan
83.6%
Tim Duncan
83.6%
Shaquille O'Neal
80.4%
Dirk Nowitzki
78.2%
Karl Malone
76.8%
Karl Malone
76.8%
Derrick Rose
76.1%
Allen Iverson
75.7%
Hakeem Olajuwon
74.3%
Charles Barkley
73.6%
Bob Cousy
71.8%
Kevin Garnett
68.9%
Bob Pettit
67.5%
Bob Pettit
67.5%
David Robinson
67.5%
Moses Malone
65.4%
Moses Malone
65.4%
Moses Malone
65.4%
Julius Erving
59.3%
Bill Walton
53.6%
Wes Unseld
47.9%
Bob McAdoo
45.7%
Willis Reed
44.3%
Dave Cowens
41.1%
Lew Alcindor
19.3%
Oscar Roberston
8.6%

You're not logged in!

Compare scores with friends on all Sporcle quizzes.
Join for Free
OR
Log In

You Might Also Like...

Show Comments

Extras

Created May 11, 2011ReportNominate
Tags:Basketball Quiz, NBA Quiz, mvp

Top Quizzes Today


Score Distribution

Your Account Isn't Verified!

In order to create a playlist on Sporcle, you need to verify the email address you used during registration. Go to your Sporcle Settings to finish the process.

Report this User

Report this user for behavior that violates our Community Guidelines.

Details: